Technické normy na systémy manažérstva kvality a ich hospodárska hodnota v chápaní rozvoja organizácie
Systém manažérstva kvality. Eliminovanie rizík ohrozujúcich zdravie a životy zamestnancov. Model manažérstva kvality založený na procesnom prístupe. Úloha technických noriem z hľadiska hospodárskej hodnoty. Integrovanie bezpečnosti.
Salvato in:
| Autore principale: | |
|---|---|
| Altri autori: | |
| Natura: | Capitolo di libro |
| Lingua: | slovacco |
| Soggetti: | |
| Tags: |
Nessun Tag, puoi essere il primo ad aggiungerne!!
|
MARC
| LEADER | 00000naa$a2200000$$$4500 | ||
|---|---|---|---|
| 001 | 0078528 | ||
| 005 | 20231012065559.6 | ||
| 041 | 0 | |a slo | |
| 044 | |a SK | ||
| 245 | 1 | 0 | |a Technické normy na systémy manažérstva kvality a ich hospodárska hodnota v chápaní rozvoja organizácie |c Jozef Grauzeľ, Peter Lakatoš |
| 520 | |a Systém manažérstva kvality. Eliminovanie rizík ohrozujúcich zdravie a životy zamestnancov. Model manažérstva kvality založený na procesnom prístupe. Úloha technických noriem z hľadiska hospodárskej hodnoty. Integrovanie bezpečnosti. | ||
| 610 | 2 | 0 | |a normy |
| 610 | 2 | 0 | |a manažment |
| 610 | 2 | 0 | |a kvalita |
| 610 | 2 | 0 | |a riziko |
| 610 | 2 | 0 | |a bezpečnosť |
| 100 | 1 | |a Grauzeľ, Jozef | |
| 700 | 1 | |a Lakatoš, Peter | |